Konkurencieschopnosť a jej význam v národnej ekonomike (zmeny a výzvy v období globálnej finančnej krízy)
Salvato in:
| Autore principale: | |
|---|---|
| Altri autori: | , , , |
| Natura: | Libro |
| Lingua: | slovacco |
| Pubblicazione: |
Bratislava
Sprint 2
2015
|
| Edizione: | 1. vyd. |
| Serie: | Economics
|
| Soggetti: | |
| Tags: |
Nessun Tag, puoi essere il primo ad aggiungerne!!
|
MARC
| LEADER | 00000nam a2200000 4500 | ||
|---|---|---|---|
| 001 | 0210491 | ||
| 005 | 20240603071432.7 | ||
| 020 | |a 978-80-89710-20-1 | ||
| 041 | 0 | |a slo | |
| 044 | |a SK | ||
| 245 | 1 | 0 | |a Konkurencieschopnosť a jej význam v národnej ekonomike |b (zmeny a výzvy v období globálnej finančnej krízy) |c Peter Baláž, Andrej Hamara, Gabriela Sopková ; recenzenti: Štěpán Müller, Milan Šikula |
| 250 | |a 1. vyd. | ||
| 264 | 1 | |a Bratislava |b Sprint 2 |c 2015 | |
| 300 | |a 240 s. [12,88 AH] | ||
| 490 | 1 | |a Economics | |
| 830 | 0 | |a Economics | |
| 610 | 2 | 0 | |a konkurencieschopnosť |
| 610 | 2 | 0 | |a kríza finančná |
| 610 | 2 | 0 | |a obchod medzinárodný |
| 610 | 2 | 0 | |a Slovensko |
| 610 | 2 | 0 | |a politika hospodárska medzinárodná |
| 610 | 2 | 0 | |a politika obchodná |
| 610 | 2 | 0 | |a Európska únia |
| 610 | 2 | 0 | |a ukazovatele cenové |
| 610 | 2 | 0 | |a spolupráca hospodárska medzinárodná |
| 610 | 2 | 0 | |a Rusko |
| 610 | 2 | 0 | |a obchod zahraničný |
| 610 | 2 | 0 | |a vzťahy hospodárske medzinárodné |
| 100 | 1 | |a Baláž, Peter | |
| 700 | 1 | |a Hamara, Andrej | |
| 700 | 1 | |a Sopková, Gabriela | |
| 700 | 1 | |a Müller, Štěpán | |
| 700 | 1 | |a Šikula, Milan | |